[Event "87th YMCA Winter-B"]
[Site "Warszawa"]
[Date "2011.02.23"]
[Round "8"]
[White "Kurkowski, Zbigniew"]
[Black "Kwiatkowski, Andrzej"]
[Result "1-0"]
[WhiteElo "2059"]
[BlackElo "1843"]
[PlyCount "39"]
[EventDate "2011.01.05"]
[EventType "tourn"]
[EventRounds "1"]
[EventCountry "POL"]
[SourceDate "2011.01.05"]

1. e4 e5 2. Nf3 Nc6 3. Bb5 a6 4. Ba4 Nf6 5. O-O Be7 6. Re1 b5 7. Bb3 d6 8. c3
O-O 9. h3 Bb7 10. d4 Re8 11. Nbd2 h6 12. Nf1 Bf8 13. Ng3 g6 14. Nh4 Ne7 15. Qf3
Bg7 16. Bxh6 d5 17. Bxg7 Kxg7 18. dxe5 Nh7 19. Qf4 Rf8 20. Rad1 1-0

[Event "87th YMCA Winter-B"]
[Site "Warszawa"]
[Date "2011.02.23"]
[Round "8"]
[White "Radecki, Krzysztof"]
[Black "Liberadzki, Slawomir"]
[Result "1/2-1/2"]
[WhiteElo "1964"]
[BlackElo "2013"]
[Annotator "M"]
[PlyCount "27"]
[EventDate "2011.01.05"]
[EventType "tourn"]
[EventRounds "1"]
[EventCountry "POL"]
[SourceDate "2011.01.05"]

1. e4 c5 2. Nf3 Nc6 3. d4 cxd4 4. Nxd4 e6 5. Be3 Qc7 6. Nb5 Qb8 7. Bd3 Nf6 8.
O-O a6 9. N5c3 b5 10. Nd2 Bb7 11. f4 d6 12. Kh1 Be7 13. Rf3 e5 $11 14. f5 $11
1/2-1/2

[Event "87th YMCA Winter-B"]
[Site "Warszawa"]
[Date "2011.03.03"]
[Round "8"]
[White "Ponceleusz, Bronislaw"]
[Black "Milczarek, Robert"]
[Result "1-0"]
[WhiteElo "1928"]
[BlackElo "1882"]
[Annotator "M"]
[PlyCount "77"]
[EventDate "2011.01.05"]
[EventType "tourn"]
[EventRounds "1"]
[EventCountry "POL"]
[SourceDate "2011.01.05"]

1. d4 Nf6 2. Nf3 g6 3. c4 d5 4. cxd5 Nxd5 5. e4 Nb6 6. Be2 Bg7 7. h3 O-O 8. Nc3
c6 9. Be3 N6d7 10. Bg5 Nf6 $11 11. Qd2 b6 12. O-O Ba6 13. Rad1 Bxe2 14. Qxe2
Qc7 15. Qe3 Re8 16. Rfe1 Nbd7 17. e5 Nd5 18. Nxd5 cxd5 19. e6 Nf8 20. exf7+
Kxf7 21. Bf4 Qb7 22. Ng5+ Kg8 23. Ne6 Nxe6 24. Qxe6+ Kh8 25. Be5 Rad8 26. Qf7
Bxe5 27. Rxe5 Qc6 28. Rde1 Rf8 29. Qxe7 Qc2 30. R5e2 Qd3 31. Qe5+ Kg8 32. Re3
Qd2 33. R1e2 Qc1+ 34. Kh2 Qf1 35. Qe6+ Kh8 36. Qe5+ Kg8 37. Qg3 Rc8 38. Re7 Rc1
39. Qe5 1-0

[Event "87th YMCA Winter-B"]
[Site "Warszawa"]
[Date "2011.02.23"]
[Round "8"]
[White "Potocki, Karol"]
[Black "Moskwinski, Marek"]
[Result "1/2-1/2"]
[WhiteElo "1860"]
[BlackElo "1872"]
[Annotator "M"]
[PlyCount "102"]
[EventDate "2011.01.05"]
[EventType "tourn"]
[EventRounds "1"]
[EventCountry "POL"]
[SourceDate "2011.01.05"]

1. c4 Nf6 2. g3 g6 3. Bg2 Bg7 4. Nc3 c6 5. e4 O-O 6. d4 d6 7. Nf3 Nbd7 8. O-O
e5 9. h3 Ne8 10. Bg5 f6 11. Be3 Nb6 12. Qd3 Be6 13. b3 Rc8 14. Rad1 Qc7 15.
dxe5 dxe5 16. c5 Nd7 17. Nd2 f5 18. f3 f4 19. gxf4 exf4 20. Bf2 Ne5 21. Qc2 Nf6
22. Ne2 g5 23. Nd4 Bd7 24. Nc4 h5 25. Nd6 Rcd8 26. N6f5 g4 27. fxg4 hxg4 28.
hxg4 Nfxg4 29. Bh4 Bxf5 30. Bxd8 Rxd8 31. Nxf5 Rxd1 32. Qxd1 f3 33. Bh3 f2+ 34.
Rxf2 Nxf2 35. Kxf2 Qa5 36. Qc2 Qxc5+ 37. Qxc5 Nd3+ 38. Ke3 Nxc5 39. Nxg7 Kxg7
40. Kd4 b6 41. Ke5 Kf7 42. Kd6 Nxe4+ 43. Kxc6 Nc3 44. a4 Ke7 $11 45. Bg4 Na2
46. Be2 Nb4+ 47. Kb7 Kd6 48. Kxa7 Kc5 49. Kb7 Nc2 50. Kc7 Nd4 51. Bc4 b5
1/2-1/2

[Event "87th YMCA Winter-B"]
[Site "Warszawa"]
[Date "2011.03.02"]
[Round "9"]
[White "Moskwinski, Marek"]
[Black "Grochowski, Mariusz"]
[Result "1/2-1/2"]
[WhiteElo "1872"]
[BlackElo "1919"]
[PlyCount "112"]
[EventDate "2011.01.05"]
[EventType "tourn"]
[EventRounds "1"]
[EventCountry "POL"]
[SourceDate "2011.01.05"]

1. e4 c5 2. Nf3 d6 3. d4 cxd4 4. Nxd4 Nf6 5. Nc3 a6 6. Be3 e5 7. Nb3 Be6 8. Be2
Be7 9. O-O O-O 10. Kh1 d5 11. exd5 Nxd5 12. Nxd5 Bxd5 13. c4 Bc6 14. Qxd8 Bxd8
15. Nc5 f5 16. Rad1 Re8 17. b4 f4 18. Bc1 Bb6 19. Nd3 Bd4 20. Bb2 Bxb2 21. Nxb2
Be4 22. b5 Bf5 23. c5 axb5 24. Bxb5 Rc8 25. Bc4+ Kf8 26. Rd5 Nc6 27. Re1 Be6
28. Rd2 Bf5 29. Bd3 Rd8 30. Red1 e4 31. Bc4 Rxd2 32. Rxd2 Ra5 33. Rd5 Be6 34.
Rd1 Bxc4 35. Nxc4 Rxc5 36. Nd6 Rc2 37. Nxe4 Rxa2 38. h3 Rb2 39. Rd7 Ne5 40. Rd5
Ng6 41. Rd7 h6 42. Nc5 Rxf2 43. Ne6+ Ke8 44. Rxg7 Ne7 45. Nc7+ Kd8 46. Ne6+ Kd7
47. Nc5+ Ke8 48. Nxb7 Nf5 49. Rg8+ Kf7 50. Rg4 h5 51. Rg5 Kf6 52. h4 Nxh4 53.
Rxh5 Nxg2 54. Nd6 Ra2 55. Ne4+ Kg6 56. Rg5+ Kf7 1/2-1/2

[Event "87th YMCA Winter-B"]
[Site "Warszawa"]
[Date "2011.02.04"]
[Round "9"]
[White "Milczarek, Robert"]
[Black "Potocki, Karol"]
[Result "0-1"]
[WhiteElo "1882"]
[BlackElo "1860"]
[PlyCount "86"]
[EventDate "2011.01.05"]
[EventType "tourn"]
[EventRounds "1"]
[EventCountry "POL"]
[SourceDate "2011.01.05"]

1. d4 d5 2. c4 c6 3. Nf3 Nf6 4. e3 e6 5. Nc3 Nbd7 6. Bd3 dxc4 7. Bxc4 b5 8. Bb3
Bb7 9. O-O b4 10. Nb1 Bd6 11. Nbd2 Qc7 12. Nc4 Be7 13. Re1 c5 14. Nce5 Nxe5 15.
Nxe5 Bd6 16. f4 Bxe5 17. dxe5 Ne4 18. Qc2 Rd8 19. a3 Qb6 20. Bc4 O-O 21. Bd3 b3
22. Qe2 Rd7 23. a4 Qb4 24. Bb5 Rc7 25. Rd1 c4 26. Rd4 Rfc8 27. Qd1 Bd5 28. Bd2
Nxd2 29. Rxd2 c3 30. Rd4 cxb2 31. Rxb4 bxa1=Q 32. Qxa1 Rc1+ 33. Qxc1 Rxc1+ 34.
Bf1 g6 35. e4 Bc4 36. Rxc4 b2 37. Rb4 b1=Q 38. Rxb1 Rxb1 39. a5 Re1 40. a6 Rxe4
41. g3 g5 42. fxg5 Rg4 43. Kf2 Rxg5 0-1

[Event "87th YMCA Winter-B"]
[Site "Warszawa"]
[Date "2011.03.02"]
[Round "9"]
[White "Liberadzki, Slawomir"]
[Black "Ponceleusz, Bronislaw"]
[Result "1-0"]
[WhiteElo "2013"]
[BlackElo "1928"]
[Annotator "M"]
[PlyCount "67"]
[EventDate "2011.01.05"]
[EventType "tourn"]
[EventRounds "1"]
[EventCountry "POL"]
[SourceDate "2011.01.05"]

1. e4 c5 2. c3 g6 3. d4 cxd4 4. cxd4 d5 5. exd5 Nf6 6. Qa4+ Nbd7 7. Nc3 Bg7 8.
Be2 O-O 9. Bf3 Nb6 10. Qb3 Bg4 11. Bg5 Bxf3 12. Nxf3 Nfxd5 13. O-O h6 14. Bh4
g5 15. Bg3 Nf4 16. Rfe1 Ng6 17. Rad1 e6 18. Ne5 Nxe5 19. Bxe5 Bxe5 20. dxe5 Qe7
$11 21. Ne4 Nd5 22. Qf3 Kg7 23. h4 gxh4 24. Qg4+ Kh8 25. Qh5 f5 26. exf6 Nxf6
27. Qxh4 Qg7 28. Rd3 Nxe4 29. Rxe4 Qf6 30. Rd7 b5 31. Qxf6+ Rxf6 32. Re5 Rc8
33. Rxb5 e5 34. Rxe5 1-0

[Event "87th YMCA Winter-B"]
[Site "Warszawa"]
[Date "2011.03.02"]
[Round "9"]
[White "Kwiatkowski, Andrzej"]
[Black "Radecki, Krzysztof"]
[Result "1-0"]
[WhiteElo "1843"]
[BlackElo "1964"]
[PlyCount "91"]
[EventDate "2011.01.05"]
[EventType "tourn"]
[EventRounds "1"]
[EventCountry "POL"]
[SourceDate "2011.01.05"]

1. e4 e5 2. Nf3 Nf6 3. d4 Nxe4 4. Bd3 d5 5. Nxe5 Bd6 6. O-O O-O 7. c4 c6 8. Nc3
Nxc3 9. bxc3 Bxe5 10. dxe5 dxc4 11. Bxc4 Qe7 12. Re1 Be6 13. Bd3 Rd8 14. Qf3
Nd7 15. Qe4 f5 16. Qf3 g6 17. Qg3 Qc5 18. Bg5 Re8 19. Bc2 Bf7 20. Bf4 Kh8 21.
h4 Re7 22. Bg5 Ree8 23. Rad1 Nb6 24. Bf6+ Kg8 25. Bxf5 Nd5 26. Bg5 Qxc3 27. f3
Be6 28. Bb1 Rf8 29. h5 Bf5 30. hxg6 hxg6 31. Bh6 Qc5+ 32. Kh2 Kh7 33. Qh4 Kg8
34. Rc1 Qb6 35. Qg5 Kh7 36. Bxf8 Rxf8 37. Qh4+ Kg7 38. Kg3 Rh8 39. Qg5 Rh5 40.
Qd2 Qd8 41. Rh1 Rg5+ 42. Kf2 Qb6+ 43. Ke1 Ne3 44. g4 Bxb1 45. Qd7+ Kg8 46. Qe6+
1-0

[Event "87th YMCA Winter-B"]
[Site "Warszawa"]
[Date "2011.03.02"]
[Round "9"]
[White "Wroblewski, Szymon"]
[Black "Kurkowski, Zbigniew"]
[Result "1-0"]
[WhiteElo "1831"]
[BlackElo "2059"]
[PlyCount "73"]
[EventDate "2011.01.05"]
[EventType "tourn"]
[EventRounds "1"]
[EventCountry "POL"]
[SourceDate "2011.01.05"]

1. e4 c5 2. Nf3 d6 3. d4 cxd4 4. Nxd4 Nf6 5. Nc3 a6 6. a3 b5 7. Bg5 e6 8. Be2
Nbd7 9. f4 Qc7 10. O-O Be7 11. Bf3 Bb7 12. Kh1 O-O 13. Qe1 Rfe8 14. Qg3 Bf8 15.
Rae1 Qc5 16. e5 Nd5 17. Nb3 Qc7 18. Nxd5 Bxd5 19. Nd4 Nb6 20. c3 Na4 21. Bxd5
exd5 22. e6 Nc5 23. e7 Bxe7 24. Bxe7 Ne4 25. Rxe4 dxe4 26. Bf6 g6 27. Qg5 Re6
28. f5 Rxf6 29. Qxf6 Re8 30. fxg6 hxg6 31. Rf4 Qe7 32. Qxe7 Rxe7 33. g4 Kg7 34.
Kg2 f6 35. Kf2 d5 36. Ke3 Rb7 37. Ne6+ 1-0

[Event "87th YMCA Winter-B"]
[Site "Warszawa"]
[Date "2011.03.22"]
[Round "9"]
[White "Safanowski, Tomasz"]
[Black "Gluszko, Monika"]
[Result "0-1"]
[WhiteElo "1953"]
[BlackElo "1997"]
[PlyCount "130"]
[EventDate "2011.01.05"]
[EventType "tourn"]
[EventRounds "1"]
[EventCountry "POL"]
[SourceDate "2011.01.05"]

1. Nf3 Nf6 2. b3 d6 3. Bb2 e5 4. d3 Be7 5. g3 O-O 6. Bg2 Qe8 7. Nbd2 Nh5 8. e4
f5 9. h3 f4 10. g4 Nf6 11. d4 exd4 12. Nxd4 d5 13. exd5 Ba3+ 14. Ne6 Bxb2 15.
O-O Bxe6 16. dxe6 Nc6 17. Rb1 Bc3 18. Qe2 Bxd2 19. Qxd2 Qxe6 20. Qxf4 Nd5 21.
Qc4 Nf4 22. Qxe6+ Nxe6 23. Bd5 Rfe8 24. f4 Kh8 25. c3 g5 26. fxg5 Nxg5 27. Rf5
Ne4 28. Rf7 Nxc3 29. Bxc6 bxc6 30. Rb2 Nd5 31. Rc2 Re6 32. Rcf2 Rae8 33. Rf8+
Kg7 34. R8f7+ Kg8 35. Rd7 Re1+ 36. Kg2 R1e2 37. Kf1 R2e7 38. Rxe7 Rxe7 39. Kg2
Kg7 40. Kg3 Re3+ 41. Kg2 Nc3 42. Rf4 Re2+ 43. Kg3 Rxa2 44. Rc4 Ne2+ 45. Kf3 Rc2
46. Ra4 Ng1+ 47. Kg3 Rc3+ 48. Kg2 Nxh3 49. Rxa7 Nf4+ 50. Kf2 Nd5 51. Rb7 Kf6
52. Rb8 Kg5 53. Rg8+ Kf4 54. Rg7 Rxb3 55. Rxh7 Rb2+ 56. Ke1 Kxg4 57. Rf7 c5 58.
Kd1 c4 59. Kc1 c3 60. Rd7 c6 61. Rd6 Rb6 62. Kc2 Kf5 63. Rh6 Ke5 64. Kd3 Rb2
65. Rh4 Rd2+ 0-1

[Event "87th YMCA Winter-B"]
[Site "Warszawa"]
[Date "2011.03.02"]
[Round "9"]
[White "Szukalski, Antoni"]
[Black "Siekierski, Pawel"]
[Result "1/2-1/2"]
[WhiteElo "1815"]
[BlackElo "2015"]
[PlyCount "74"]
[EventDate "2011.01.05"]
[EventType "tourn"]
[EventRounds "1"]
[EventCountry "POL"]
[SourceDate "2011.01.05"]

1. e4 c5 2. c3 d6 3. d4 Nf6 4. Bd3 cxd4 5. cxd4 g6 6. Nc3 Nc6 7. Nge2 Bg7 8.
Be3 Ng4 9. Qd2 Nxe3 10. fxe3 O-O 11. O-O Qa5 12. Ng3 h5 13. Rad1 Bg4 14. Rc1
Qg5 15. Qf2 Bh6 16. Rfe1 h4 17. Nf1 e6 18. Bb1 Rac8 19. Kh1 a6 20. h3 Bh5 21.
a3 b5 22. Ne2 Bxe2 23. Rxe2 Na5 24. Rec2 Rxc2 25. Rxc2 Nc4 26. Rc3 Qh5 27. Bc2
Nxb2 28. Rc6 a5 29. Rxd6 Nc4 30. Rc6 Nxa3 31. Rc5 Bg5 32. Bb3 Qh6 33. Qa2 Be7
34. Rc7 Bd6 35. Rd7 Bb4 36. Bxe6 fxe6 37. Qxe6+ Kh8 1/2-1/2

[Event "87th YMCA Winter-B"]
[Site "Warszawa"]
[Date "2011.03.09"]
[Round "10"]
[White "Grochowski, Mariusz"]
[Black "Siekierski, Pawel"]
[Result "0-1"]
[WhiteElo "1919"]
[BlackElo "2015"]
[PlyCount "56"]
[EventDate "2011.01.05"]
[EventType "tourn"]
[EventRounds "1"]
[EventCountry "POL"]
[SourceDate "2011.01.05"]

1. d4 d5 2. c4 e6 3. Nf3 Nf6 4. Nc3 Be7 5. Bf4 c6 6. e3 O-O 7. Bd3 Nbd7 8. O-O
dxc4 9. Bxc4 b5 10. Bd3 a6 11. Ng5 c5 12. Qf3 Ra7 13. Qh3 h6 14. Nge4 Nxe4 15.
Nxe4 f5 16. Bxh6 fxe4 17. Bxe4 gxh6 18. Qxe6+ Rf7 19. Qg6+ Rg7 20. Qe6+ Kf8 21.
Qxh6 Nf6 22. Bg6 Qd5 23. dxc5 Bf5 24. Rad1 Qc6 25. Qf4 Rxg6 26. f3 Bc8 27. e4
Qxc5+ 28. Kh1 Qg5 0-1

[Event "87th YMCA Winter-B"]
[Site "Warszawa"]
[Date "2011.03.23"]
[Round "10"]
[White "Gluszko, Monika"]
[Black "Szukalski, Antoni"]
[Result "1-0"]
[WhiteElo "1997"]
[BlackElo "1815"]
[PlyCount "95"]
[EventDate "2011.01.05"]
[EventType "tourn"]
[EventRounds "1"]
[EventCountry "POL"]
[SourceDate "2011.01.05"]

1. e4 e5 2. Nf3 Nc6 3. Bc4 Be7 4. c3 Nf6 5. d3 d6 6. h3 O-O 7. Nbd2 Na5 8. Bb5
a6 9. Ba4 b5 10. Bc2 c5 11. Nf1 Nc6 12. Ng3 Ne8 13. O-O Be6 14. Nh2 Bh4 15. Nf5
d5 16. Nxh4 Qxh4 17. f4 dxe4 18. dxe4 Rd8 19. Qf3 Qe7 20. f5 Bc4 21. Re1 f6 22.
Be3 Na5 23. Qf2 Nb7 24. Red1 Nc7 25. Nf3 a5 26. Nd2 Bf7 27. Nb3 Na6 28. Qe2 Bc4
29. Qf2 Bf7 30. a4 b4 31. Qe2 c4 32. Nd2 Qc7 33. cxb4 Nxb4 34. Rdc1 c3 35. bxc3
Qxc3 36. Bb3 Qd3 37. Qxd3 Rxd3 38. Bxf7+ Rxf7 39. Kf2 Rfd7 40. Ke2 R3d6 41.
Rc8+ Kf7 42. Rac1 Nd3 43. R1c7 Nb2 44. Nc4 Nxc4 45. Rxc4 Rd1 46. R4c7 R1d3 47.
Bc1 Ke7 48. Rxb7 1-0

[Event "87th YMCA Winter-B"]
[Site "Warszawa"]
[Date "2011.03.09"]
[Round "10"]
[White "Radecki, Krzysztof"]
[Black "Wroblewski, Szymon"]
[Result "1-0"]
[WhiteElo "1964"]
[BlackElo "1831"]
[PlyCount "97"]
[EventDate "2011.01.05"]
[EventType "tourn"]
[EventRounds "1"]
[EventCountry "POL"]
[SourceDate "2011.01.05"]

1. e4 c5 2. Nf3 Nc6 3. d4 cxd4 4. Nxd4 Nf6 5. Nc3 e6 6. Bg5 Be7 7. Ndb5 d6 8.
Bxf6 gxf6 9. Nd4 Qb6 10. Nb3 a6 11. Qd2 Bd7 12. Be2 Rg8 13. g3 Ne5 14. Rf1 Qc7
15. f4 Nc4 16. Bxc4 Qxc4 17. Qd4 Rc8 18. Qxc4 Rxc4 19. O-O-O b6 20. Rd4 Rxd4
21. Nxd4 b5 22. a3 Bd8 23. Kd2 Bb6 24. Kd3 Ke7 25. Nf5+ exf5 26. Nd5+ Ke6 27.
Nxb6 fxe4+ 28. Kxe4 Bc6+ 29. Kd4 d5 30. Kc5 Bb7 31. Re1+ Kf5 32. Re7 Bc8 33.
Nxd5 Be6 34. Ne3+ Ke4 35. f5 Rc8+ 36. Kb6 Kxe3 37. fxe6 fxe6 38. Rxe6+ Kd2 39.
Rxf6 Kxc2 40. Rf2+ Kb3 41. Kxa6 Rc5 42. Kb6 Rg5 43. Rg2 h5 44. h3 Re5 45. Kc6
Rg5 46. Kd6 Rf5 47. g4 Rg5 48. Ke6 Rg8 49. g5 1-0

[Event "87th YMCA Winter-B"]
[Site "Warszawa"]
[Date "2011.03.09"]
[Round "10"]
[White "Ponceleusz, Bronislaw"]
[Black "Kwiatkowski, Andrzej"]
[Result "0-1"]
[WhiteElo "1928"]
[BlackElo "1843"]
[PlyCount "48"]
[EventDate "2011.01.05"]
[EventType "tourn"]
[EventRounds "1"]
[EventCountry "POL"]
[SourceDate "2011.01.05"]

1. c4 Nf6 2. Nc3 g6 3. e4 d6 4. d4 Bg7 5. Be2 O-O 6. Nf3 Nbd7 7. O-O e5 8. Qc2
exd4 9. Nxd4 c6 10. Be3 Re8 11. Rad1 Qe7 12. f3 a6 13. Nb3 Ne5 14. Na4 Be6 15.
Nd4 Rad8 16. Nxe6 Qxe6 17. Bb6 Rd7 18. b3 Bh6 19. Kh1 Nh5 20. c5 d5 21. exd5
Rxd5 22. Nb2 Be3 23. Nc4 Nxc4 24. Bxc4 Ng3+ 0-1

[Event "87th YMCA Winter-B"]
[Site "Warszawa"]
[Date "2011.03.01"]
[Round "10"]
[White "Potocki, Karol"]
[Black "Liberadzki, Slawomir"]
[Result "1/2-1/2"]
[WhiteElo "1860"]
[BlackElo "2013"]
[PlyCount "50"]
[EventDate "2011.01.05"]
[EventType "tourn"]
[EventRounds "1"]
[EventCountry "POL"]
[SourceDate "2011.01.05"]

1. d4 d5 2. Nf3 Nf6 3. Bf4 e6 4. e3 Bd6 5. Bg3 b6 6. Bb5+ c6 7. Be2 Bb7 8. O-O
O-O 9. c4 Bxg3 10. hxg3 Nbd7 11. Nc3 c5 12. cxd5 Nxd5 13. Rc1 cxd4 14. Qxd4 Nc5
15. Rfd1 Qf6 16. Nxd5 Bxd5 17. Qxf6 gxf6 18. Bc4 Bxc4 19. Rxc4 Rfd8 20. Rcd4
Rxd4 21. Rxd4 Rc8 22. Kf1 Rc7 23. Ke2 Kf8 24. Nd2 Rd7 25. Rxd7 Nxd7 1/2-1/2

[Event "87th YMCA Winter-B"]
[Site "Warszawa"]
[Date "2011.03.09"]
[Round "10"]
[White "Moskwinski, Marek"]
[Black "Milczarek, Robert"]
[Result "0-1"]
[WhiteElo "1872"]
[BlackElo "1882"]
[PlyCount "86"]
[EventDate "2011.01.05"]
[EventType "tourn"]
[EventRounds "1"]
[EventCountry "POL"]
[SourceDate "2011.01.05"]

1. e4 Nf6 2. e5 Nd5 3. c4 Nb6 4. Nf3 d6 5. d4 Bf5 6. Be3 e6 7. h3 dxe5 8. Nxe5
Bxb1 9. Qxb1 Bb4+ 10. Kd1 O-O 11. Bd3 h6 12. Qc1 N6d7 13. Nf3 c5 14. Bxh6 cxd4
15. h4 Nc6 16. Bxg7 Kxg7 17. Qf4 Rg8 18. Ng5 Qe7 19. Qg4 Nf6 20. Qe2 Rh8 21.
Kc2 Bd6 22. Rae1 Nb4+ 23. Kb1 Nxd3 24. Qxd3 Qd7 25. Rh3 Rad8 26. h5 Rh6 27. Rf3
Rdh8 28. Qxd4 e5 29. Qd2 Rxh5 30. Ne4 Nxe4 31. Rxe4 Qe6 32. Rg3+ Kf8 33. f4 f5
34. Re1 e4 35. Qa5 Rh1 36. Rge3 Bxf4 37. Qc5+ Kf7 38. R3e2 Rxe1+ 39. Rxe1 e3
40. Qxa7 Qe4+ 41. Ka1 e2 42. Qa4 Rd8 43. Qb3 Qd3 0-1

[Event "87th YMCA Winter-B"]
[Site "Warszawa"]
[Date "2011.03.16"]
[Round "11"]
[White "Milczarek, Robert"]
[Black "Grochowski, Mariusz"]
[Result "1-0"]
[WhiteElo "1882"]
[BlackElo "1919"]
[PlyCount "79"]
[EventDate "2011.01.05"]
[EventType "tourn"]
[EventRounds "1"]
[EventCountry "POL"]
[SourceDate "2011.01.05"]

1. d4 d5 2. c4 e6 3. Nc3 Nf6 4. cxd5 exd5 5. Bg5 c6 6. e3 Be7 7. Bd3 h6 8. Bh4
O-O 9. Qc2 Re8 10. Nf3 Nbd7 11. O-O Nh5 12. Bxe7 Qxe7 13. Rab1 Nhf6 14. b4 Ne4
15. b5 Nxc3 16. Qxc3 c5 17. dxc5 Nxc5 18. Rfc1 b6 19. Bc2 Bg4 20. Nd4 Qg5 21.
Qe1 Rad8 22. Qf1 g6 23. Kh1 h5 24. h3 Qh4 25. Kh2 Bc8 26. Rb4 Qf6 27. Nc6 Rd7
28. Rd4 a5 29. Rd2 Bb7 30. Nd4 g5 31. Qe2 g4 32. Bf5 Rd6 33. hxg4 Qh4+ 34. Kg1
Bc8 35. Bxc8 Rxc8 36. Nf5 Qf6 37. Nxd6 Qxd6 38. gxh5 Kh7 39. Qf3 Qe7 40. Qf5+
1-0

[Event "87th YMCA Winter-B"]
[Site "Warszawa"]
[Date "2011.03.16"]
[Round "11"]
[White "Liberadzki, Slawomir"]
[Black "Moskwinski, Marek"]
[Result "1-0"]
[WhiteElo "2013"]
[BlackElo "1872"]
[PlyCount "67"]
[EventDate "2011.01.05"]
[EventType "tourn"]
[EventRounds "1"]
[EventCountry "POL"]
[SourceDate "2011.01.05"]

1. e4 e5 2. Nf3 Nc6 3. Bb5 f5 4. d3 fxe4 5. dxe4 d6 6. Nc3 Nf6 7. Bg5 Be7 8.
Qd3 Bd7 9. O-O-O O-O 10. Bxc6 bxc6 11. Nxe5 dxe5 12. Bxf6 Rxf6 13. Qxd7 Qxd7
14. Rxd7 Bd6 15. Nd1 Kf8 16. Ne3 Rxf2 17. Nf5 Rxg2 18. Nxd6 cxd6 19. Rxd6 Re2
20. Rxc6 Rxe4 21. Rf1+ Rf4 22. Rxf4+ exf4 23. Rc4 g5 24. h4 h6 25. hxg5 hxg5
26. Rc5 g4 27. Rf5+ Ke7 28. Rxf4 Rg8 29. Kd2 g3 30. Rf1 g2 31. Rg1 Rg6 32. Ke3
Ra6 33. a3 Rb6 34. b3 1-0

[Event "87th YMCA Winter-B"]
[Site "Warszawa"]
[Date "2011.02.10"]
[Round "11"]
[White "Kwiatkowski, Andrzej"]
[Black "Potocki, Karol"]
[Result "1-0"]
[WhiteElo "1843"]
[BlackElo "1860"]
[PlyCount "179"]
[EventDate "2011.01.05"]
[EventType "tourn"]
[EventRounds "1"]
[EventCountry "POL"]
[SourceDate "2011.01.05"]

1. e4 c5 2. Nf3 d6 3. d4 cxd4 4. Nxd4 Nf6 5. Nc3 a6 6. Be2 e5 7. Nb3 Be7 8. O-O
Nbd7 9. f4 b5 10. a3 Qb6+ 11. Kh1 Bb7 12. Bf3 Rc8 13. Qe1 O-O 14. Be3 Qc7 15.
Qg3 exf4 16. Bxf4 Ne5 17. Nd4 Kh8 18. Nf5 Rg8 19. Rad1 Rce8 20. Rd4 Bf8 21. Bg5
Nfd7 22. Bd1 Re6 23. Nd5 Bxd5 24. exd5 Rg6 25. Nh4 Rxg5 26. Qxg5 g6 27. c3 f6
28. Qd2 Bg7 29. Bc2 Nf8 30. Re4 f5 31. Ree1 Qd8 32. Nf3 Nxf3 33. Rxf3 Nd7 34.
Re6 Ne5 35. Rh3 Qf8 36. Kg1 Bf6 37. Qe3 Bd8 38. Qa7 h5 39. Qxa6 Qh6 40. Rxh5
Qxh5 41. Qxd6 Nc4 42. Qf4 Bg5 43. Qd4+ Kh7 44. Qa7+ Rg7 45. Qb8 Be3+ 46. Kf1
Qh4 47. Qg3 Qxg3 48. hxg3 Bc1 49. a4 bxa4 50. Bxa4 Bxb2 51. Be8 Bxc3 52. d6 Ne5
53. Ke2 Nd7 54. Bxd7 Bb4 55. Ba4 Bxd6 56. Rxd6 Kh6 57. Bc2 Kg5 58. Kf3 Re7 59.
Ba4 Re4 60. Bc6 Re7 61. Bd5 Ra7 62. Be6 Ra3+ 63. Kf2 Ra7 64. Rd7 Ra6 65. Bf7 f4
66. gxf4+ Kxf4 67. Rd4+ Kf5 68. Rd3 Kf6 69. Rf3+ Kg7 70. Kg3 Ra4 71. Be6 Ra7
72. Kg4 Ra4+ 73. Rf4 Ra7 74. Rd4 Kf6 75. Bc8 Ra2 76. g3 Rc2 77. Bb7 Rb2 78. Be4
Rb6 79. Rc4 Kf7 80. Rc7+ Kf8 81. Rc6 Rb4 82. Kf4 Kf7 83. g4 Ra4 84. g5 Rb4 85.
Rf6+ Ke7 86. Rxg6 Kf7 87. Ra6 Rb8 88. Bd5+ Kg7 89. Ra7+ Kh8 90. Ra8 1-0

[Event "87th YMCA Winter-B"]
[Site "Warszawa"]
[Date "2011.03.16"]
[Round "11"]
[White "Wroblewski, Szymon"]
[Black "Ponceleusz, Bronislaw"]
[Result "1-0"]
[WhiteElo "1831"]
[BlackElo "1928"]
[PlyCount "104"]
[EventDate "2011.01.05"]
[EventType "tourn"]
[EventRounds "1"]
[EventCountry "POL"]
[SourceDate "2011.01.05"]

1. e4 d6 2. d4 Nf6 3. Nc3 e5 4. dxe5 dxe5 5. Qxd8+ Kxd8 6. Bc4 Ke8 7. Nf3 Bd6
8. Bg5 a6 9. a3 Nbd7 10. O-O b5 11. Ba2 Bb7 12. Rfe1 h6 13. Bh4 g5 14. Bg3 Kf8
15. Rad1 Kg7 16. Nd2 h5 17. h4 g4 18. Nb3 Rae8 19. Na5 Ba8 20. Nd5 Nxd5 21.
Bxd5 Bxd5 22. Rxd5 Nb6 23. Rdd1 Na4 24. b3 Nc3 25. Rd3 Bxa3 26. Nc6 b4 27.
Bxe5+ f6 28. Rd7+ Kg6 29. Bxc7 Rh7 30. Rxh7 Kxh7 31. e5 Nb5 32. Ba5 fxe5 33.
Bxb4 Bb2 34. Rb1 Rc8 35. c4 Nd4 36. Nxe5 Ne2+ 37. Kf1 Ng3+ 38. fxg3 Bxe5 39.
Be1 Kg6 40. Rd1 Kf5 41. Rd5 Ke4 42. Ke2 Rb8 43. Rd3 Bd4 44. Bc3 Bg1 45. Rd5 Re8
46. Rxh5 Bh2 47. Be1 Kd4+ 48. Kd2 Ke4 49. Rg5 Rd8+ 50. Ke2 Rb8 51. Rxg4+ Kf5
52. Rg5+ Kf6 1-0

[Event "87th YMCA Winter-B"]
[Site "Warszawa"]
[Date "2011.03.16"]
[Round "11"]
[White "Safanowski, Tomasz"]
[Black "Radecki, Krzysztof"]
[Result "1/2-1/2"]
[WhiteElo "1953"]
[BlackElo "1964"]
[PlyCount "83"]
[EventDate "2011.01.05"]
[EventType "tourn"]
[EventRounds "1"]
[EventCountry "POL"]
[SourceDate "2011.01.05"]

1. d4 d5 2. Nf3 Nf6 3. c4 e6 4. Nc3 c5 5. cxd5 Nxd5 6. e4 cxd4 7. Qxd4 Nb4 8.
Qxd8+ Kxd8 9. Bg5+ Be7 10. O-O-O+ Ke8 11. Nb5 N8a6 12. a3 Nc6 13. Nd6+ Bxd6 14.
Rxd6 f6 15. Bxa6 fxg5 16. Bb5 Ke7 17. Rhd1 g4 18. Bxc6 gxf3 19. Bxb7 Bxb7 20.
Rd7+ Kf6 21. Rxb7 fxg2 22. Rg1 g5 23. Rxg2 h5 24. e5+ Kg6 25. f4 g4 26. h3 Kf5
27. Rf7+ Ke4 28. hxg4 Kf3 29. Rd2 hxg4 30. f5 Rac8+ 31. Kb1 exf5 32. Rxf5+ Ke4
33. Rf1 Kxe5 34. Re2+ Kd5 35. Rd1+ Kc5 36. Rg2 Rcg8 37. Rd3 Rh5 38. Kc2 Rhg5
39. Rgg3 a5 40. b3 Rf8 41. Kc3 Rf4 42. Rg2 1/2-1/2

[Event "87th YMCA Winter-B"]
[Site "Warszawa"]
[Date "2011.03.23"]
[Round "12"]
[White "Ponceleusz, Bronislaw"]
[Black "Safanowski, Tomasz"]
[Result "1-0"]
[WhiteElo "1928"]
[BlackElo "1953"]
[PlyCount "97"]
[EventDate "2011.01.05"]
[EventType "tourn"]
[EventRounds "1"]
[EventCountry "POL"]
[SourceDate "2011.01.05"]

1. d4 d5 2. c4 dxc4 3. e3 Nf6 4. Bxc4 e6 5. Nc3 a6 6. a4 c5 7. Nf3 Nc6 8. O-O
Be7 9. Qe2 cxd4 10. Rd1 O-O 11. exd4 Nb4 12. Bf4 b6 13. Ne5 Ra7 14. Rd2 Bb7 15.
Re1 Nbd5 16. Bg3 Qa8 17. f3 Nxc3 18. bxc3 Nd5 19. Bxd5 Bxd5 20. c4 Bc6 21. Rb2
Bxa4 22. Rxb6 Qd8 23. Rbb1 a5 24. Ra1 Bb3 25. Nc6 Qb6 26. Nxa7 Qxa7 27. Bf2 Qc7
28. Rec1 Bf6 29. c5 a4 30. Be3 Qc6 31. Qf2 Rd8 32. Rab1 Rb8 33. Bf4 Rb4 34. Be5
Bg5 35. f4 Bd8 36. f5 f6 37. fxe6 Qxe6 38. Bd6 Kf7 39. Re1 Qd5 40. Qe2 Qxd4+
41. Kh1 Kg6 42. Qe8+ Bf7 43. Qxd8 Rxb1 44. Rxb1 a3 45. Qa5 a2 46. Rg1 Bd5 47.
h3 Qb2 48. Qe1 f5 49. Be5 1-0